Widok standardowy
Widok MARC
Pozycja Personal Name
Liczba rekordów, w których użyto hasła: 1
001 - Numer kontrolny
- control field: 41044
003 - Identyfikator numeru kontrolnego
- control field: NUKAT
005 - Data i czas ostatniej modyfikacji
- control field: 20260430133936.0
008 - Dane kontrolne kodowane (40 znaków)
- fixed length control field: 941006n||a|znnaabn |a aaa |c
010 ## - Numer kontrolny Biblioteki Kongresu
- numer kontrolny LC: n 94209112
040 ## - Instytucja sporządzająca rekord
- inst. przygot. dane do rek. khw: KR U/HW
- język haseł przedmiotowych/tezaurus: kaba
- inst. wprow. rek. khw: KR U/HW
- inst. modyf. rek. khw: GD PAN/KM
- inst. modyf. rek. khw: LUBL KUL/IP
100 1# - Hasło - nazwa osobowa
- nazwa osobowa w formie ujednoliconej: Zaborski, Marcin.
670 ## - Źródło informacji
- źródło informacji: Kp. Mjr [Major] Michał Kłosowski : (ps. "Jan", "Rola", "Ziemowit") Komendant Okręgu Lubelskiego Narodowych Sił Zbrojnych / Marcin Zaborski. - Lublin, 1993.
670 ## - Źródło informacji
- źródło informacji: Kp. Korupcja : oblicza, uwarunkowania, przeciwdziałanie / red. nauk. Aniela Dylus, Andrzej Rudowski, Marcin Zaborski. - Wrocław [etc.], 2006.
670 ## - Źródło informacji
- źródło informacji: OPI-online
670 ## - Źródło informacji
- źródło informacji: Rok 1968 w Polsce / oprac. Michał Gierycz, Marcin Zaborski. - Warszawa, 2009.